000 00322nam a2200133Ia 4500
008 100328s9999 xx 000 0 und d
082 _b860
100 _aGalsworthy John
245 _aEnd Of The Chapter
260 _bWilliam Heinemann
630 _aEnd Of The Chapter
730 _aEnd Of The Chapter
942 _cBOOK
999 _c497169
_d497166